000 00420cam a2200181ua 4500
001 7266
008 141224n ii |||gr||||Z||||||ben
040 _cMAIN
041 _aben
082 _a891.441
100 _aKavisekhar. K.R.,
_eAuthor.
245 _aMadhukari
_cBy Kalidas Roy Kavisekhar
250 _a4th rev.
260 _aKolkatta:
_bOrient,
_c1967.
300 _a210p.
653 _aBengali poems
942 _cBK
999 _c6391
_d6391